Eastern Utah Libraries Catalog: Duchesne, Heber, Roosevelt, & Vernal

Knight and day / (Record no. 228389)

MARC details
000 -LEADER
fixed length control field 03916cgm a2200793Ia 4500
001 - CONTROL NUMBER
control field ocn690109517
003 - CONTROL NUMBER IDENTIFIER
control field OCoLC
005 - DATE AND TIME OF LATEST TRANSACTION
control field 20171130151321.0
007 - PHYSICAL DESCRIPTION FIXED FIELD--GENERAL INFORMATION
fixed length control field vd cvaizq
008 - FIXED-LENGTH DATA ELEMENTS--GENERAL INFORMATION
fixed length control field 101207s2010 cau109 vleng d
040 ## - CATALOGING SOURCE
Original cataloging agency WIQ
Language of cataloging eng
Transcribing agency WIQ
Modifying agency OCLCQ
-- OCLCA
-- OCLCQ
-- JN7
-- OCLCA
-- OCLCF
-- OCLCO
-- OCL
-- OCLCO
-- OCLCQ
-- OCLCO
-- P@N
-- OCLCA
-- UINTA
024 1# - OTHER STANDARD IDENTIFIER
Standard number or code 024543724650
024 1# - OTHER STANDARD IDENTIFIER
Standard number or code 024543671404
028 41 - PUBLISHER NUMBER
Publisher number 2267139
Source 20th Century Fox Home Entertainment
028 41 - PUBLISHER NUMBER
Publisher number 2272465
Source 20th Century Fox Home Entertainment
035 ## - SYSTEM CONTROL NUMBER
System control number (OCoLC)690109517
041 1# - LANGUAGE CODE
Language code of text/sound track or separate title eng
-- fre
-- spa
-- eng
-- spa
Language code of original and/or intermediate translations of text eng
049 ## - LOCAL HOLDINGS (OCLC)
Holding library UCLB
245 00 - TITLE STATEMENT
Title Knight and day /
Statement of responsibility, etc Twentieth Century Fox and Regency Enterprises present ; a Pink Machine, Todd Garner, Tree Line Film production ; a film by James Mangold ; produced by Steve Pink, Todd Garner, Cathy Konrad ; written by Patrick O'Neill ; directed by James Mangold.
246 3# - VARYING FORM OF TITLE
Title proper/short title Knight & day
250 ## - EDITION STATEMENT
Edition statement [Rental ed.].
260 ## - PUBLICATION, DISTRIBUTION, ETC. (IMPRINT)
Place of publication, distribution, etc Beverly Hills, Calif. :
Name of publisher, distributor, etc Twentieth Century Fox Home Entertainment,
Date of publication, distribution, etc [2010]
300 ## - PHYSICAL DESCRIPTION
Extent 1 videodisc (109 min.) :
Other physical details sound, color ;
Dimensions 4 3/4 in.
336 ## - Content Type
Content type term two-dimensional moving image
337 ## - Media type
Media type term video
338 ## - Carrier type
Carrier type term videodisc
538 ## - SYSTEM DETAILS NOTE
System details note DVD; NTSC, region 1; widescreen (2.40:1) presentation, dual layer; Dolby Digital 5.1 surround.
546 ## - LANGUAGE NOTE
Language note English (5.1 Dolby Digital), dubbed French (Dolby Surround) or dubbed Spanish (Dolby Surround) dialogue; Spanish subtitles; English subtitles for the deaf and hard of hearing; closed-captioned.
500 ## - GENERAL NOTE
General note Title from container.
511 1# - PARTICIPANT OR PERFORMER NOTE
Participant or performer note Tom Cruise, Cameron Diaz, Peter Sarsgaard, Viola Davis, Jordi Moll�a, Paul Dano, Maggie Grace, Marc Blucas, Celia Weston.
508 ## - CREATION/PRODUCTION CREDITS NOTE
Creation/production credits note Director of photography, Phedon Papamichael ; film editors, Michael McCusker, Quincy Z. Gunderson ; music, John Powell.
500 ## - GENERAL NOTE
General note Originally released as a motion picture in 2010.
521 8# - TARGET AUDIENCE NOTE
Target audience note MPAA rating: PG-13.
520 4# - SUMMARY, ETC.
Summary, etc Sequences of action violence throughout, and brief strong language.
520 ## - SUMMARY, ETC.
Summary, etc When a small-town girl named June meets a mysterious stranger, she thinks she's found the man of her dreams. But she soon discovers he's a fugitive super-spy, who thrusts her into a thrilling cat-and-mouse chase that spans the globe. As the bullets and sparks fly, June must decide if her 'Knight' in shining armor is a dangerous traitor or the love of her life.
650 #0 - SUBJECT ADDED ENTRY--TOPICAL TERM
Topical term or geographic name as entry element Spies
Form subdivision Drama.
650 #0 - SUBJECT ADDED ENTRY--TOPICAL TERM
Topical term or geographic name as entry element Man-woman relationships
Form subdivision Drama.
650 #7 - SUBJECT ADDED ENTRY--TOPICAL TERM
Topical term or geographic name as entry element Man-woman relationships.
Source of heading or term fast
-- (OCoLC)fst01007080
650 #7 - SUBJECT ADDED ENTRY--TOPICAL TERM
Topical term or geographic name as entry element Spies.
Source of heading or term fast
-- (OCoLC)fst01129772
650 #7 - SUBJECT ADDED ENTRY--TOPICAL TERM
Topical term or geographic name as entry element Esp�ias
Form subdivision Teatro.
Source of heading or term bidex
650 #7 - SUBJECT ADDED ENTRY--TOPICAL TERM
Topical term or geographic name as entry element Relaciones hombre-mujer
Form subdivision Teatro.
Source of heading or term bidex
655 #7 - INDEX TERM--GENRE/FORM
Genre/form data or focus term Action and adventure films.
Source of term fast
-- (OCoLC)fst01710568
655 #7 - INDEX TERM--GENRE/FORM
Genre/form data or focus term Comedy films.
Source of term fast
-- (OCoLC)fst01710291
655 #7 - INDEX TERM--GENRE/FORM
Genre/form data or focus term Drama.
Source of term fast
-- (OCoLC)fst01423879
655 #7 - INDEX TERM--GENRE/FORM
Genre/form data or focus term Feature films.
Source of term fast
-- (OCoLC)fst01710384
655 #7 - INDEX TERM--GENRE/FORM
Genre/form data or focus term Spy films.
Source of term fast
-- (OCoLC)fst01710340
655 #7 - INDEX TERM--GENRE/FORM
Genre/form data or focus term Video recordings for the hearing impaired.
Source of term fast
-- (OCoLC)fst01710450
655 #7 - INDEX TERM--GENRE/FORM
Genre/form data or focus term Feature films.
Source of term lcgft
655 #7 - INDEX TERM--GENRE/FORM
Genre/form data or focus term Action and adventure films.
Source of term lcgft
655 #7 - INDEX TERM--GENRE/FORM
Genre/form data or focus term Spy films.
Source of term lcgft
655 #7 - INDEX TERM--GENRE/FORM
Genre/form data or focus term Comedy films.
Source of term lcgft
655 #7 - INDEX TERM--GENRE/FORM
Genre/form data or focus term Video recordings for the hearing impaired.
Source of term lcgft
700 1# - ADDED ENTRY--PERSONAL NAME
Personal name Mangold, James.
700 1# - ADDED ENTRY--PERSONAL NAME
Personal name Pink, Steve.
700 1# - ADDED ENTRY--PERSONAL NAME
Personal name Garner, Todd.
700 1# - ADDED ENTRY--PERSONAL NAME
Personal name Konrad, Cathy.
700 1# - ADDED ENTRY--PERSONAL NAME
Personal name Diaz, Cameron.
700 1# - ADDED ENTRY--PERSONAL NAME
Personal name Cruise, Tom,
Dates associated with a name 1962-
700 1# - ADDED ENTRY--PERSONAL NAME
Personal name Grace, Maggie,
Dates associated with a name 1983-
700 1# - ADDED ENTRY--PERSONAL NAME
Personal name Blucas, Marc,
Dates associated with a name 1972-
700 1# - ADDED ENTRY--PERSONAL NAME
Personal name Dano, Paul,
Dates associated with a name 1984-
700 1# - ADDED ENTRY--PERSONAL NAME
Personal name Sarsgaard, Peter.
700 1# - ADDED ENTRY--PERSONAL NAME
Personal name Davis, Viola,
Dates associated with a name 1965-
700 1# - ADDED ENTRY--PERSONAL NAME
Personal name Moll�a, Jordi.
710 2# - ADDED ENTRY--CORPORATE NAME
Corporate name or jurisdiction name as entry element Twentieth Century-Fox Film Corporation.
710 2# - ADDED ENTRY--CORPORATE NAME
Corporate name or jurisdiction name as entry element Regency Enterprises.
710 2# - ADDED ENTRY--CORPORATE NAME
Corporate name or jurisdiction name as entry element Tree/Line Film.
710 2# - ADDED ENTRY--CORPORATE NAME
Corporate name or jurisdiction name as entry element Twentieth Century Fox Home Entertainment, Inc.
994 ## -
-- C0
-- UINTA
Holdings
Withdrawn status Lost status Source of classification or shelving scheme Damaged status Not for loan Collection code Home library Current library Shelving location Date acquired Source of acquisition Cost, normal purchase price Total Checkouts Total Renewals Full call number Barcode Checked out Date last seen Date checked out Cost, replacement price Price effective from Koha item type
    Dewey Decimal Classification     Movies Wasatch County Library Wasatch County Library Audio Visual Area 12/27/2010 Amazon 15.95 185 17 DVD Kni 34301000974925 03/03/2026 02/12/2026 02/12/2026 15.95 03/20/2020 DVD
This project was made possible through a grant from the Institute of Museum and Library Service administered by the Utah State Library Division.

Wasatch County Library

  • 465 East 1200 South, Heber City, Utah 84032
  • Phone 435-654-1511 | Fax 435-654-6456

Hours

  • Monday - Friday 9:30 AM - 8:00 PM
  • Saturday 9:30 AM - 1:30 PM
  • Closed Sundays and Holidays